<?xml version="1.0" encoding="UTF-8"?>
<record
    xmlns:xsi="http://www.w3.org/2001/XMLSchema-instance"
    xsi:schemaLocation="http://www.loc.gov/MARC21/slim http://www.loc.gov/standards/marcxml/schema/MARC21slim.xsd"
    xmlns="http://www.loc.gov/MARC21/slim">

  <leader>01060nam a22001577a 4500</leader>
  <controlfield tag="005">20260701154905.0</controlfield>
  <datafield tag="020" ind1=" " ind2=" ">
    <subfield code="a">9781544533100</subfield>
  </datafield>
  <datafield tag="082" ind1=" " ind2=" ">
    <subfield code="a">320.954CHR</subfield>
  </datafield>
  <datafield tag="100" ind1=" " ind2=" ">
    <subfield code="a">Parasher, Tejas.</subfield>
  </datafield>
  <datafield tag="245" ind1=" " ind2=" ">
    <subfield code="a">C.O.U.R.A.G.E</subfield>
    <subfield code="b">7 Choices for Living a Life Without Regret</subfield>
  </datafield>
  <datafield tag="260" ind1=" " ind2=" ">
    <subfield code="a">Nashville</subfield>
    <subfield code="b">Lioncrest Publishing</subfield>
    <subfield code="c">2025</subfield>
  </datafield>
  <datafield tag="300" ind1=" " ind2=" ">
    <subfield code="a">262P. </subfield>
    <subfield code="b">22 cm</subfield>
  </datafield>
  <datafield tag="520" ind1=" " ind2=" ">
    <subfield code="a">In C.O.U.R.A.G.E., Christopher O. H. Williams reveals how to harness innate courage in everyday life to make a lasting impact and live authentically, without regret. A transformation consultant and senior leader at some of the world&#x2019;s most influential companies, Christopher distills his experience, observations, and research into seven essential choices that build a courageous life, offering practical wisdom anyone can apply. Courage is your antidote to stagnation. Utilize it to unlock your dormant superpower, break out of your routine, and transform your daily existence in this must-read guide for making a powerful&#x2014;and authentic&#x2014;impact on the world.</subfield>
  </datafield>
  <datafield tag="650" ind1=" " ind2=" ">
    <subfield code="a">Leadership.</subfield>
  </datafield>
  <datafield tag="942" ind1=" " ind2=" ">
    <subfield code="c">BK</subfield>
  </datafield>
  <datafield tag="999" ind1=" " ind2=" ">
    <subfield code="c">11543</subfield>
    <subfield code="d">11543</subfield>
  </datafield>
  <datafield tag="952" ind1=" " ind2=" ">
    <subfield code="0">0</subfield>
    <subfield code="1">0</subfield>
    <subfield code="4">0</subfield>
    <subfield code="7">0</subfield>
    <subfield code="a">U001</subfield>
    <subfield code="b">U001</subfield>
    <subfield code="c">Personal Development</subfield>
    <subfield code="d">2026-06-19</subfield>
    <subfield code="g">103537.00</subfield>
    <subfield code="l">0</subfield>
    <subfield code="o">658.409 WIL</subfield>
    <subfield code="p">UR010563</subfield>
    <subfield code="r">2026-07-01 15:51:30</subfield>
    <subfield code="w">2026-07-01</subfield>
    <subfield code="y">BK</subfield>
  </datafield>
  <datafield tag="952" ind1=" " ind2=" ">
    <subfield code="0">0</subfield>
    <subfield code="1">0</subfield>
    <subfield code="4">0</subfield>
    <subfield code="7">0</subfield>
    <subfield code="a">U001</subfield>
    <subfield code="b">U001</subfield>
    <subfield code="c">Personal Development</subfield>
    <subfield code="d">2026-06-19</subfield>
    <subfield code="g">103537.00</subfield>
    <subfield code="l">0</subfield>
    <subfield code="o">658.409 WIL</subfield>
    <subfield code="p">UR010564</subfield>
    <subfield code="r">2026-07-01 15:51:46</subfield>
    <subfield code="w">2026-07-01</subfield>
    <subfield code="y">BK</subfield>
  </datafield>
</record>
